<?xml version="1.0" encoding="UTF-8"?>
<collection xmlns="http://www.loc.gov/MARC21/slim">
 <record>
  <leader>03531cam a2200337 a 4500</leader>
  <controlfield tag="001">1/38222</controlfield>
  <controlfield tag="008">090910s2003    ne            001 0 eng  </controlfield>
  <datafield tag="020" ind1=" " ind2=" ">
   <subfield code="a">9780080443355</subfield>
  </datafield>
  <datafield tag="020" ind1=" " ind2=" ">
   <subfield code="a">0080443354</subfield>
  </datafield>
  <datafield tag="020" ind1=" " ind2=" ">
   <subfield code="a">9780080543055 (electronic bk.)</subfield>
  </datafield>
  <datafield tag="020" ind1=" " ind2=" ">
   <subfield code="a">0080543057 (electronic bk.)</subfield>
  </datafield>
  <datafield tag="035" ind1=" " ind2=" ">
   <subfield code="l">40858</subfield>
  </datafield>
  <datafield tag="040" ind1=" " ind2=" ">
   <subfield code="a">OPELS</subfield>
   <subfield code="b">eng</subfield>
   <subfield code="c">OPELS</subfield>
   <subfield code="d">OCLCQ</subfield>
   <subfield code="d">OKU</subfield>
   <subfield code="d">OCLCQ</subfield>
   <subfield code="d">N$T</subfield>
   <subfield code="d">YDXCP</subfield>
   <subfield code="d">MERUC</subfield>
   <subfield code="d">E7B</subfield>
   <subfield code="d">IDEBK</subfield>
   <subfield code="d">OCLCQ</subfield>
   <subfield code="d">OCLCF</subfield>
   <subfield code="d">GR-PeUP</subfield>
  </datafield>
  <datafield tag="245" ind1="0" ind2="0">
   <subfield code="a">Time frequency signal analysis and processing</subfield>
   <subfield code="h">[electronic resource] :</subfield>
   <subfield code="b">a comprehensive reference /</subfield>
   <subfield code="c">edited by Boualem Boashash.</subfield>
  </datafield>
  <datafield tag="250" ind1=" " ind2=" ">
   <subfield code="a">1st ed.</subfield>
  </datafield>
  <datafield tag="260" ind1=" " ind2=" ">
   <subfield code="a">Amsterdam ;</subfield>
   <subfield code="a">Boston :</subfield>
   <subfield code="b">Elsevier,</subfield>
   <subfield code="c">2003.</subfield>
  </datafield>
  <datafield tag="300" ind1=" " ind2=" ">
   <subfield code="a">1 online resource (xxvi, 743 p.) :</subfield>
   <subfield code="b">ill.</subfield>
  </datafield>
  <datafield tag="504" ind1=" " ind2=" ">
   <subfield code="a">Includes bibliographical references (p. 685-718) and index.</subfield>
  </datafield>
  <datafield tag="505" ind1="0" ind2=" ">
   <subfield code="a">Time-frequency concepts -- Heuristic formulation of time-frequency distributions -- Theory of quadratic TFDs -- Time-frequency signal and system analysis -- Design of time-frequency distributions -- Implementation and realization of TFDs -- Measures, performance assessment and enhancement -- Multi-sensor and time-space processing -- Random processes and noise analysis -- Instantaneous frequency estimation and localization -- Time-frequency synthesis and filtering -- Detection, classification and estimation -- Time-frequency methods in communications -- Time-frequency methods in radar, sonar &amp; acoustics -- Time-frequency diagnosis and monitoring -- Other applications.</subfield>
  </datafield>
  <datafield tag="520" ind1=" " ind2=" ">
   <subfield code="a">Time Frequency Signal Analysis and Processing covers fundamental concepts, principles and techniques, treatment of specialised and advanced topics, methods and applications, including results of recent research. This book deals with the modern methodologies, key techniques and concepts that form the core of new technologies used in IT, multimedia, telecommunications as well as most fields of engineering, science and technology. It focuses on advanced techniques and methods that allow a refined extraction and processing of information, allowing efficient and effective decision making that would not be possible with classical techniques. The Author, fellow of IEEE for Pioneering contributions to time-frequency analysis and signal processing education, is an expert in the field, having written over 300 papers on the subject over a period pf 25 years. This is a REAL book, not a mere collection of specialised papers, making it essential reading for researchers and practitioners in the field of signal processing. *The most comprehensive text and reference book published on the subject, all the most up to date research on this subject in one place *Key computer procedures and code are provided to assist the reader with practical implementations and applications *This book brings together the main knowledge of time-frequency signal analysis and processing, (TFSAP), from theory and applications, in a user-friendly reference suitable for both experts and beginners.</subfield>
  </datafield>
  <datafield tag="650" ind1=" " ind2="4">
   <subfield code="a">Signal processing.</subfield>
  </datafield>
  <datafield tag="650" ind1=" " ind2="4">
   <subfield code="a">Time-series analysis.</subfield>
  </datafield>
  <datafield tag="650" ind1=" " ind2="4">
   <subfield code="a">Frequency spectra.</subfield>
  </datafield>
  <datafield tag="655" ind1=" " ind2="4">
   <subfield code="a">Electronic books.</subfield>
  </datafield>
  <datafield tag="700" ind1="1" ind2=" ">
   <subfield code="a">Boashash, Boualem.</subfield>
  </datafield>
  <datafield tag="852" ind1=" " ind2=" ">
   <subfield code="a">INST</subfield>
   <subfield code="b">UNIPILB</subfield>
   <subfield code="c">EBOOKS</subfield>
   <subfield code="e">20100705</subfield>
   <subfield code="p">00b40858</subfield>
   <subfield code="q">00b40858</subfield>
   <subfield code="t">ONLINE</subfield>
   <subfield code="y">0</subfield>
  </datafield>
  <datafield tag="856" ind1="4" ind2="0">
   <subfield code="3">ScienceDirect</subfield>
   <subfield code="u">http://www.sciencedirect.com/science/book/9780080443355</subfield>
  </datafield>
  <datafield tag="856" ind1="4" ind2=" ">
   <subfield code="d">/webopac/covers/02/40858_9780080443355.jpg</subfield>
  </datafield>
  <datafield tag="856" ind1="4" ind2=" ">
   <subfield code="d">/webopac/covers/02/40858_0080443354.jpg</subfield>
  </datafield>
  <datafield tag="856" ind1="4" ind2=" ">
   <subfield code="d">/webopac/covers/02/40858_9780080543055.jpg</subfield>
   <subfield code="z">(electronic bk.)</subfield>
  </datafield>
  <datafield tag="856" ind1="4" ind2=" ">
   <subfield code="d">/webopac/covers/02/40858_0080543057.jpg</subfield>
   <subfield code="z">(electronic bk.)</subfield>
  </datafield>
 </record>
</collection>
